| 000 | 00533cam a2200193 4500 | ||
|---|---|---|---|
| 001 | BFIL012635 | ||
| 008 | 1942 spa | ||
| 035 | _aBFIL012635 | ||
| 050 | 4 |
_aPQ2510 _bZ64 1942 |
|
| 100 | 1 | _aZola, Emilio | |
| 245 | 0 |
_aLourdes / _cEmilio Zola ; tr. A. Jover Peralta. |
|
| 260 |
_aBuenos Aires : _bSopena, _c1942 |
||
| 300 |
_aV. ; _c22 cm. |
||
| 440 | 0 | _aBiblioteca Mundial Sopena | |
| 500 | _a1 juego de los V.1 y 2 | ||
| 650 | 4 | _aLiteratura | |
| 700 | 1 |
_aJover Peralta, A., _etr. |
|
| 942 |
_2lcc _cLIB |
||
| 999 |
_c131962 _d131962 |
||